Quiz sugli Emirati Arabi Uniti - Statistics

Statistiche generali
  • Questo quiz è stato fatto 877 volte
  • Il punteggio medio è 13 su 21
Statistiche sulle risposte
Hint Risposta % Corretto
Città più popolosa Dubai
97%
Paesi confinanti Arabia Saudita
92%
Capitale Abu Dhabi
91%
Lingua ufficiale Arabo
91%
Il più alto edificio al mondo Burj {Khalifa}
88%
Paesi confinanti Oman
87%
Golfo sulla quale si affaccia il Paese Golfo Persico
80%
Maggiore esportazione Petrolio
77%
Il Burj Al Arab è stato recensito come l'unico con sette stelle al mondo Hotel
74%
Un mussulmano che beve alcool può essere punito con ottanta... Frustate
67%
In questa città sono state costruite tre isole artificiali a forma di... Palma
61%
Paese dal quale gli EAU hanno ottenuto l'indipendenza nel 1971 Regno Unito
58%
Il Mall of the Emirates è famoso per essere uno dei pochi posti dove puoi farlo al chiuso Sciare
54%
Più del doppio dei residenti negli Emirati Arabi Uniti sono nati in questo Paese India
47%
Questa città ha il terzo maggior ____ nel mondo dopo Atlanta e Pechino Aeroporto
39%
Moneta Dirham
35%
Sport popolare che una volta impiegava i bambini ma ora usa i robot Corsa dei {Cammelli}
32%
Tipo di uccello che appare sullo stemma nazionale Falcone
29%
Titolo utilizzato per indicare i governatori dei sette emirati (non è emiro...) Sceicco
29%
Parco a tema automatico che ospita le montagne russe più veloci del mondo {Ferrari} World
28%
Terza maggiore città Sharjah
12%
Nessun quiz corrispondente trovato
Distribuzione punteggi
Percentuale di utenti per punteggio
Percentile per numero di risposta
I tuoi punteggi nel tempo
Non hai fatto questo quiz